Flagi państw europejskich - nagła śmierć - Statystyki

Ogólne statystyki
  • Ten quiz został rozwiązany 52 475 razy
  • Średni wynik to 27 z 45
Answers on the Grid
Answers color-coded by a green-red scale on the quiz's grid according to % correct below.
 
Statystyki odpowiedzi
Odpowiedź % Poprawnych
87%
85%
83%
82%
81%
75%
73%
71%
69%
69%
69%
68%
67%
65%
65%
65%
64%
64%
63%
63%
63%
63%
63%
61%
59%
58%
58%
56%
56%
56%
52%
51%
50%
50%
49%
49%
49%
49%
47%
47%
47%
45%
44%
41%
29%
Nie znaleziono quizów pasujących do podanych kryteriów
Rozkład punktacji
Procent ludzi z każdym wynikiem
Percentyl według liczby udzielonych odpowiedzi
Twoja historia wyników
Nie rozwiązałeś tego quizu